Το σπίτι των ήχων

Αποθηκεύτηκε σε:
Λεπτομέρειες βιβλιογραφικής εγγραφής
Κύριος συγγραφέας: Abbado, Claudio
Άλλοι συγγραφείς: Σαριδάκη, Κατερίνα (trlf)
Μορφή: Βιβλίο
Γλώσσα:Greek
Italian
Δημοσίευση: Ηράκλειο : Πανεπιστημιακές Εκδόσεις Κρήτης, 1995.
Θέματα:
Ετικέτες: Προσθήκη ετικέτας
Δεν υπάρχουν, Καταχωρήστε ετικέτα πρώτοι!

MARC

LEADER 00000cam a2200000 i 4500
001 1/76002
008 980703s1995 gr | ||| |||| ||gre||
020 |a 9607309863 
035 |l 10032281 
040 |a GR-MyUa   |b gre  |e AACR2  
041 1 |a gre  |h ita 
082 7 |a 372.87   |2 (22)  
100 1 |a Abbado, Claudio. 
245 1 3 |a Το σπίτι των ήχων /   |c Claudio Abbado ; απόδοση στα ελληνικά: Κατερίνα Σαριδάκη.  
260 |a Ηράκλειο :   |b Πανεπιστημιακές Εκδόσεις Κρήτης,   |c 1995.  
300 |a 48 σ. ;   |c 29 εκ.  
500 |a Τίτλος πρωτοτύπου: La casa dei suoni.  
650 0 |a Music  |x Instruction and study  |x Juvenile. 
650 0 |a Music in education. 
700 1 |a Σαριδάκη, Κατερίνα,  |e trlf 
852 |a INST  |b RHODES  |e 19980703  |h 372.87 ABB  |p 005400006238  |q 005400006238  |t BK  |y 0 
901 |a BIBL-1998-2 
922 |a 4ΕΛΗ  |b 199802  |c ΚΠΣ/Ν  |d EMVASIS 
970 |z 2000/06/ΚΑΤΕΡΙΝΑ